000 00628nam a2200193 i 4500
001 68242
003 ES-MaACL
005 20250818043514.0
007 t|
008 040611s1960 sp ||||1| spa d
100 1 _aGonzález García, Vicente José.
_954103
245 1 0 _aBernardo del Carpio /
_cJosé G. Vicente García ; con prólogo de Justo Pérez de Urbel.
260 _aOviedo :
_b[s.n.],
_c1960.
300 _a102 p. ;
_c25 cm.
650 1 7 _aBernardo del Carpio (Personaje de ficción)
_2embne
_9206287
700 1 _aPérez de Urbel, Justo.
_990812
852 _aES-MaACL
_jC-19159
_bR.46967
999 _c68242
_d68242